000
00345pam a2200157a 44500
008
230515b2002 xxu||||| |||| 00| 0 eng d
020
_a
NULL
041
_a
ENGL
082
_a
620.11/ TIM
100
_a
TIMOSHENKO
245
_a
MECHANICS OF MATERIALS
250
_a
N.D.
260
_a
NULL
_b
C.B.S
_c
2002
300
_a
762 PB
650
_a
NULL
999
_c
633713
_d
633713